The Learning Leader (Record no. 24599)
[ view plain ]
| 000 -LEADER | |
|---|---|
| fixed length control field | 00663nam a22001937a 4500 |
| 003 - CONTROL NUMBER IDENTIFIER | |
| control field | OSt |
| 005 - DATE AND TIME OF LATEST TRANSACTION | |
| control field | 20260617151220.0 |
| 008 - FIXED-LENGTH DATA ELEMENTS--GENERAL INFORMATION | |
| fixed length control field | 260617b |||||||| |||| 00| 0 eng d |
| 020 ## - INTERNATIONAL STANDARD BOOK NUMBER | |
| International Standard Book Number | 9781416603320 |
| 040 ## - CATALOGING SOURCE | |
| Transcribing agency | Chuka University Library |
| 050 ## - LIBRARY OF CONGRESS CALL NUMBER | |
| Classification number | LB 2805 |
| Item number | .R4 2006 |
| 100 ## - MAIN ENTRY--PERSONAL NAME | |
| Personal name | Reeves, Douglas B |
| 9 (RLIN) | 29821 |
| 245 ## - TITLE STATEMENT | |
| Title | The Learning Leader |
| Remainder of title | How to Focus School Improvement for Better Results |
| 300 ## - PHYSICAL DESCRIPTION | |
| Extent | xxv 221 pages |
| Other physical details | Illustrated includes indexes |
| 650 ## - SUBJECT ADDED ENTRY--TOPICAL TERM | |
| Topical term or geographic name entry element | Educational leadership-united states |
| 9 (RLIN) | 27697 |
| 650 ## - SUBJECT ADDED ENTRY--TOPICAL TERM | |
| Topical term or geographic name entry element | Educational accountability-united states |
| 9 (RLIN) | 29822 |
| 650 ## - SUBJECT ADDED ENTRY--TOPICAL TERM | |
| Topical term or geographic name entry element | School improvement programs-united states |
| 9 (RLIN) | 28059 |
| 942 ## - ADDED ENTRY ELEMENTS (KOHA) | |
| Source of classification or shelving scheme | Library of Congress Classification |
| Koha item type | Long Loan Books |
| Suppress in OPAC | No |
| Withdrawn status | Lost status | Source of classification or shelving scheme | Damaged status | Not for loan | Collection | Home library | Current library | Shelving location | Date acquired | Source of acquisition | Total Checkouts | Full call number | Barcode | Date last seen | Price effective from | Koha item type |
|---|---|---|---|---|---|---|---|---|---|---|---|---|---|---|---|---|
| Library of Congress Classification | General Collection Books | Main Campus Library | Main Campus Library | General Stacks | 17/06/2026 | Donation From Books for Africa | LB 2805 .R4 2006 | 35132/2026 | 17/06/2026 | 17/06/2026 | Long Loan Books |
